True or False? - Click quiz - Statistics

General Stats
  • This quiz has been taken 78 times
  • The average score is 18 of 25
Answer Stats
Hint Explanation Answer % Correct
Bamboo can grow faster than most trees Bamboo can grow up to 35 inches (91 cm) in a single day. True
91%
The Eiffel Tower was originally intended to be a temporary structure True
88%
Lake Baikal in Russia is the deepest lake in the world True
87%
The shortest war in history lasted 38 minutes The Anglo-Zanzibar War in 1896. True
87%
Honey never spoils True
85%
The oldest known civilization is the Egyptians The Sumerian civilization in Mesopotamia is older than the Egyptian one. False
84%
Kraków was the capital of Poland before Warsaw. True
84%
Octopuses have three hearts True
79%
The unicorn is the national animal of Scotland True
78%
Coffee was first discovered in Ethiopia True
76%
There are no native venomous snakes in Ireland True
75%
All penguins live in Antarctica Penguins also live in places like Australia and the Galápagos Islands. False
74%
There are more stars in the universe than grains of sand on all the Earth’s beaches True
74%
Kangaroos can walk backwards Kangaroos cannot walk backwards. False
72%
There is no wind on the Moon because there is no atmosphere True
72%
Albert Einstein was offered the presidency of Israel in 1952. True
72%
Water in seas and oceans is salty because it contains salt True
71%
Sharks are the only fish that can blink Some fish can blink, but sharks do not blink. False
65%
A rhinoceros’s horn is made of bone A rhino’s horn is made of keratin, the same substance as human hair and nails. False
65%
A day on Venus is longer than a year on Venus True
65%
Napoleon Bonaparte was extremely short Napoleon was actually of average height for his time. False
56%
The Great Wall of China is visible from the Moon It's a common myth, but the Great Wall of China is not visible from the Moon with the naked eye. False
54%
Flying fish can fly up to 100 meters Flying fish can glide over long distances, but their "flight" isn't exactly flying; it’s more of a leap or glide. False
53%
Elephants are the only mammal that cannot jump True
44%
The human body has 206 bones at birth False
43%
No matching quizzes found
Score Distribution
Percent of People with Each Score
Percentile by Number Answered
Your Score History
You have not taken this quiz